000
00215nam a22000857a 4500
999
_c
516721
_d
516721
100
_a
Townsend, Robert
_9
23292
245
_a
Up the organization :
_c
by Robert Townsend
260
_b
Robert Townsend
_c
1970
300
_a
220p.